| 000 | 00632cam a2200217 a 4500 | ||
|---|---|---|---|
| 001 | 12101192 | ||
| 003 | 0 | ||
| 005 | 20170210150347.0 | ||
| 008 | 000710s2001 mau b 001 0 eng | ||
| 020 | _a9780312149161 | ||
| 040 | _cSPU | ||
| 050 | 0 | 0 |
_aPE1408 _b.H63 2001 |
| 100 | 1 | _aHjortshoj, Keith. | |
| 245 | 1 | 4 |
_aThe transition to college writing / _cKeith Hjortshoj. |
| 260 |
_aBoston, MA : _bBedford/St. Martin's, _cc2001. |
||
| 300 |
_ax, 229 p. ; _c21 cm. |
||
| 504 | _aIncludes bibliographical references (p. 213-215) and index. | ||
| 650 | 0 |
_aEnglish language _xRhetoric. |
|
| 650 | 0 | _aReport writing. | |
| 942 |
_2lcc _cBK |
||
| 999 |
_c48516 _d48516 |
||